Áruazonosítási rendszerek és alkalmazásuk az eladótérben a kiskereskedelmi láncoknál

Bibliographic Details
Main Author: Bognár Nikolett Gréta
Other Authors: Bányai Dr. Kornél
Format: Project work
Kulcsszavak:Áruazonosítási rendszerek
Block chain
Datamátrix
EAN
GS1
QR-kód
RFID
Tesco
UPC
Online Access:http://dolgozattar.uni-bge.hu/60051

MARC

LEADER 00000nnm a2200000 i 4500
001 dolg60051
005 20260409145924.0
008 260409suuuu hu o 000 hun d
040 |a BGE Dolgozattár Repozitórium  |b hun 
041 |a hu 
100 1 |a Bognár Nikolett Gréta 
245 1 0 |a Áruazonosítási rendszerek és alkalmazásuk az eladótérben a kiskereskedelmi láncoknál  |c Bognár Nikolett Gréta  |h [elektronikus dokumentum] 
516 |a Project_work 
520 3 |a A dolgozatomban az áruazonosítási rendszereket vizsgálom, amelyek napjaink kereskedelmi és logisztikai folyamataiban nélkülözhetetlen szerepet töltenek be. Részletesen bemutatom a legismertebb technológiákat, például a vonalkódokat, QR-kódokat, RFID rendszereket és a blockchain-alapú megoldásokat, ismertetve ezek működési elvét, alkalmazási területeit, valamint előnyeit és hátrányait. Kitérek arra is, milyen módon hasznosítja ezeket a Tesco a gyakorlatban, mind az eladótérben, mind a háttérfolyamatok során, különös tekintettel a készletkezelés, termékkövetés és vásárlói élmény javítására. 
695 |a Áruazonosítási rendszerek 
695 |a Block chain 
695 |a Datamátrix 
695 |a EAN 
695 |a GS1 
695 |a QR-kód 
695 |a RFID 
695 |a Tesco 
695 |a UPC 
700 1 |a Bányai Dr. Kornél  |e ths 
856 4 0 |u http://dolgozattar.uni-bge.hu/60051/1/%C3%81ruazonos%C3%ADt%C3%A1si%20rendszerek%20%C3%A9s%20alkalmaz%C3%A1suk%20az%20elad%C3%B3t%C3%A9rben%20a%20kiskereskedelmi%20l%C3%A1ncokn%C3%A1l.pdf  |z Dokumentum-elérés 
856 4 0 |u http://dolgozattar.uni-bge.hu/60051/2/Bognar_Nikolett_Greta_biralat.pdf  |z Dokumentum-elérés